<?xml version="1.0" encoding="UTF-8"?>
<marc:record xmlns:marc="http://www.loc.gov/MARC21/slim">
   <marc:leader>00000nam a2200000 a 4500</marc:leader>
   <marc:datafield ind1="1" ind2=" " tag="100">
      <marc:subfield code="a">Chapman, Gary D.</marc:subfield>
      <marc:subfield code="4">aut</marc:subfield>
      <marc:subfield code="e">Verfasser/-in</marc:subfield>
   </marc:datafield>
   <marc:datafield ind1="1" ind2=" " tag="100">
      <marc:subfield code="a">Chapman, Gary D.</marc:subfield>
   </marc:datafield>
   <marc:datafield ind1=" " ind2=" " tag="653">
      <marc:subfield code="a">Ehe</marc:subfield>
   </marc:datafield>
   <marc:datafield ind1=" " ind2=" " tag="653">
      <marc:subfield code="a">Liebe</marc:subfield>
   </marc:datafield>
   <marc:datafield ind1=" " ind2=" " tag="653">
      <marc:subfield code="a">Ratgeber</marc:subfield>
   </marc:datafield>
   <marc:datafield ind1=" " ind2=" " tag="653">
      <marc:subfield code="a">Beziehungspflege</marc:subfield>
   </marc:datafield>
   <marc:datafield ind1=" " ind2=" " tag="653">
      <marc:subfield code="a">Liebesfähigkeit</marc:subfield>
   </marc:datafield>
   <marc:datafield ind1=" " ind2=" " tag="653">
      <marc:subfield code="a">Selbstannahme</marc:subfield>
   </marc:datafield>
   <marc:datafield ind1=" " ind2=" " tag="653">
      <marc:subfield code="a">Christlicher Glaube</marc:subfield>
   </marc:datafield>
   <marc:datafield ind1="0" ind2="0" tag="245">
      <marc:subfield code="a">Die fünf Sprachen der Liebe für Singles</marc:subfield>
   </marc:datafield>
   <marc:datafield ind1="0" ind2="0" tag="245">
      <marc:subfield code="c">Gary Chapman. [Dt. von Andrea Wegener</marc:subfield>
   </marc:datafield>
   <marc:datafield ind1=" " ind2="1" tag="264">
      <marc:subfield code="a">Marburg an der Lahn</marc:subfield>
      <marc:subfield code="b">Francke</marc:subfield>
      <marc:subfield code="c">2005</marc:subfield>
   </marc:datafield>
   <marc:datafield ind1="1" ind2=" " tag="520">
      <marc:subfield code="a">Angaben aus der Verlagsmeldung

Die fünf Sprachen der Liebe für Singles The Five Love Languages for Singles / von Gary Chapman

In seinem Weltbestseller „Die fünf Sprachen der Liebe“ hat Chapman seinen Lesern die fünf Sprachen erschlossen, durch die Ehepartner ihre Liebe zueinander ausdrücken und verstehen lernen.
Mit diesem Buch öffnet er diese Wege auch für Singles.
Denn nichts beeinflusst das Wohlbefinden eines jeden Menschen so sehr wie das Wissen, geliebt zu werden, und die Fähigkeit, Liebe zu schenken. Egal, ob Sie immer unverheiratet waren, verwitwet sind oder geschieden wurden – Ihre Seele hungert nach Liebe, und Ihre größten Erfolge im Leben erzielen Sie da, wo Sie Liebe schenken.

Ob Sie Ihren Verwandten, Freunden, Kollegen oder Mitbewohnern lieber
· Ihre Zeit opfern
· Mut machen
· durch kleine Aufmerksamkeiten das Leben verschönern
· hilfreich zur Seite stehen
· ihre Sympathie zeigen, indem Sie sie einfach mal in den Arm nehmen –
es lohnt sich, wenn man seine eigenen Stärken kennt und die Wünsche der anderen richtig einzuschätzen weiß. Denn die Liebe, die Sie schenken, muss erst mal ankommen, damit sie vielfach zurückkommen kann.

Dieses Buch hilft Ihnen, sowohl Ihren Bedürfnissen als auch Ihren Herausforderungen gerecht zu werden.
</marc:subfield>
   </marc:datafield>
   <marc:datafield ind1=" " ind2=" " tag="020">
      <marc:subfield code="a">9783861227366</marc:subfield>
      <marc:subfield code="9">9783861227366</marc:subfield>
   </marc:datafield>
   <marc:datafield ind1=" " ind2=" " tag="020">
      <marc:subfield code="a">3861227363</marc:subfield>
      <marc:subfield code="9">3861227363</marc:subfield>
   </marc:datafield>
   <marc:datafield ind1=" " ind2=" " tag="041">
      <marc:subfield code="a">ger</marc:subfield>
   </marc:datafield>
   <marc:datafield ind1=" " ind2=" " tag="300">
      <marc:subfield code="a">205 S.</marc:subfield>
   </marc:datafield>
</marc:record>
